=LDR 00000nam 2200000 4500 =001 INLIS000000000017780 =005 20130612113009 =008 ***********************************Ind** =035 ##$$0010-061300000017780 =041 ##$$a Ind =082 ##$$a 612.12 =090 ##$$a 612.12, Pov m =100 ##$$a Povey, Robert =245 ##$$a Memantau kadar kolesterol anda, Robert Povey ; alih bahasa, Widayanti D Wulandari ; editor, Surya Satyanegara =260 ##$$a 19 cm $b Jakarta =300 ##$$a x, 207 hlm, 19 cm =850 ##$$a NBPNMAT =990 ##$$a 0001/BPAP-NTB/20142014 =990 ##$$a 0001/BPAP-NTB/20142015 =990 ##$$a 0001/BPAP-NTB/20142015